| 000 | 00735cam a2200217 a 4500 | ||
|---|---|---|---|
| 001 | 000010239 | ||
| 005 | 20200929162217.0 | ||
| 008 | 921023s1989 cu a 000 0 spa c | ||
| 035 | _a(DLC) 92231495 | ||
| 040 |
_aDO-SdBNP _cTxU _dDLC _dBNPHU |
||
| 082 |
_aCu861.44 _bP745i |
||
| 100 | 1 |
_aRíos, Soleida, _d1950- _925246 |
|
| 245 | 1 | 0 |
_aPoesía infiel : _bselección de jóvenes poetisas cubanas / _cSoleida Ríos ; edición, Patricia Semidey Rodríguez. |
| 260 |
_aCiudad de La Habana : _bAbril, _cc1989. |
||
| 300 |
_a182 p. : _bil. ; _c19 cm. |
||
| 650 | 4 |
_aPoesía cubana _95226 |
|
| 650 | 4 |
_aLiteratura cubana _91483 |
|
| 700 | 1 |
_aSemidey Rodríguez, Patricia, _eed. _925247 |
|
| 910 | _aCatalogación por copia / LC | ||
| 049 | _aBNGR | ||
| 999 |
_c9998 _d9998 |
||